000 00484nam a22002057a 4500
003 bpm
005 20260325121037.0
008 260325b |||||||| |||| 00| j spa d
020 _a9788426402752
024 _aS. C. C. / M. C. y E. M.:
040 _aAR-CtUCP
041 _aspa
080 _aCDU
100 _aPizarnik Alejandra
245 _aProsa completa
260 _aBuenos Aires
_bPenguin Random
_c2021
650 _aLiteratura-Prosa
942 _cLIB
999 _c76594
_d76594